Statistics for Artists who reached #1 in the USA that starts with E

Click here to take the quiz!

General Stats

  • This quiz has been taken 32 times
  • The average score is 4 of 18

Answer Stats

#SongArtist% Correct
5Hotel CaliforniaThe Eagles
83%
5Rap GodEminem
66%
1SeptemberEarth, Wind & Fire
59%
1I'll Be Missing YouFaith Evans
45%
1UnbelievableEMF
34%
1More Than WordsExtreme
31%
4TemptationThe Everly Brothers
24%
2CongaGloria Estefan
24%
1If I Can't Have YouYvonne Elliman
14%
1It's All in the GameTommy Edwards
14%
1I've Got a LifeEurythmics
10%
1Me Gustas Tal Como EresSheena Easton
10%
1Little StarThe Elegants
3%
1Boogie WonderlandThe Emotions
3%
1Seasons ChangeExposé
3%
1I'll Be ThereThe Escape Club
3%
1Easier Said Than DoneThe Essex
0%
1Give Me One More ChanceExile
0%

Score Distribution

Percentile by Number Answered

Percent of People with Each Score

Your Score History

You have not taken this quiz